<?xml version="1.0" encoding="UTF-8"?>
<collection xmlns="http://www.loc.gov/MARC21/slim">
 <record>
  <leader>01316nam a2200205Ia 4500</leader>
  <controlfield tag="001">TDMU_41097</controlfield>
  <controlfield tag="008">210410s9999    xx            000 0 und d</controlfield>
  <datafield tag="082" ind1=" " ind2=" ">
   <subfield code="a">355.0330597</subfield>
  </datafield>
  <datafield tag="090" ind1=" " ind2=" ">
   <subfield code="b">NG527</subfield>
  </datafield>
  <datafield tag="100" ind1=" " ind2=" ">
   <subfield code="a">Liên hiệp các Hội Văn học nghệ thuật Việt Nam</subfield>
  </datafield>
  <datafield tag="245" ind1=" " ind2="0">
   <subfield code="a">Vùng biển đảo Tây Nam</subfield>
  </datafield>
  <datafield tag="245" ind1=" " ind2="0">
   <subfield code="c">Nguyễn Thị Mỹ Hồng (b.soạn)</subfield>
  </datafield>
  <datafield tag="260" ind1=" " ind2=" ">
   <subfield code="a">H.</subfield>
  </datafield>
  <datafield tag="260" ind1=" " ind2=" ">
   <subfield code="b">Hội nhà văn</subfield>
  </datafield>
  <datafield tag="260" ind1=" " ind2=" ">
   <subfield code="c">2019</subfield>
  </datafield>
  <datafield tag="300" ind1=" " ind2=" ">
   <subfield code="a">291 tr</subfield>
  </datafield>
  <datafield tag="520" ind1=" " ind2=" ">
   <subfield code="a">Khái quát vài nét về vùng biển đảo Tây Nam Tổ quốc và một số tập tục dân gian. Nghiên cứu kỹ thuật khai thác, chế biến, phong tục ăn uống cùng các loài động vật được khai thác trên vùng biển, đảo Tây Nam như: Khai thác thuỷ tộc, các loài động vật trên cạn - động vật nuôi và rừng trên đảo. Giới thiệu nghề làm nước mắm và chế tác các sản phẩm đồi mồi...</subfield>
  </datafield>
  <datafield tag="650" ind1=" " ind2=" ">
   <subfield code="a">Lịch sử</subfield>
   <subfield code="x">Biển đảo</subfield>
   <subfield code="z">Tây Nam (Việt Nam); Biển đảo</subfield>
   <subfield code="z">Tây Nam (Việt Nam)</subfield>
  </datafield>
  <datafield tag="856" ind1=" " ind2=" ">
   <subfield code="u">http://lrc.tdmu.edu.vn/opac/search/detail.asp?aID=2&amp;ID=41097</subfield>
  </datafield>
  <datafield tag="980" ind1=" " ind2=" ">
   <subfield code="a">Trung tâm Học liệu Trường Đại học Thủ Dầu Một</subfield>
  </datafield>
 </record>
</collection>
